| 000 | 00390nam a2200145Ia 4500 | ||
|---|---|---|---|
| 003 | LK-CoDNM | ||
| 008 | 010623t1958 xxu||||| |||| 00| 1 eng d | ||
| 040 |
_aLK-CoDNM _dLK-CoDNM _eLK-CoDNM |
||
| 041 | _aeng | ||
| 080 |
_a341.232.2 _bCOL |
||
| 245 | _aThe Colombo Plan : Facts and Figures (Second Edition) | ||
| 260 |
_bColombo Plan Bureau _c1958 |
||
| 300 | _bp.43, 21.5 cm | ||
| 942 | _cBK | ||
| 999 |
_c104663 _d104663 |
||